000 00297nam a22001337a 4500
008 181024b xxu||||| |||| 00| 0 eng d
020 _a9780323072786
041 _aeng
080 _24 ED
_a610
100 _a3
101 _aSHM
245 _aParamedic Textbook
_cSanders.M.J
942 _2udc
_cBK
999 _c50782
_d50782